000 01041nam a2200325 a 4500
001 vtls001967745
003 NLI
005 20210602113031.0
008 171206s2017 ii g 001 eng
020 _a9789386301635
039 9 _a201801191344
_bsukantap
_c201801191343
_dsukantap
_y201712061151
_zbiswajitg
040 _aNLI
_beng
041 0 _aeng
044 _aii
082 0 4 _a954
_222
100 1 _aDas Gupta, Prosenjit
_954370
245 1 2 _aA partition in the mind :
_banother look at the partition of India/
_cProsenjit Das Gupta
260 _aGoa :
_bCinnamon Teal Publishing,
_c2017
300 _a235p. ;
_c21 cm.
504 _aIncludes bibliographical references and index
887 _aSP
901 _aDB168170 :
_b11.12.2017
902 _aE 954 D 26 p
903 _abiswajit ghosh
904 _aSP
942 _2ddc
_cBKS
949 _AVIRTUAITEM
_D10000
_X100
_6DBA000168170ENG
999 _aVIRTUA4
_c200074
_d200074
999 _aVTLSSORT0080*0200*0400*0410*0440*0820*1000*2450*2600*3000*5040*8520*9010*9020*9030*9040*9992